UEFA Euro's Hosts - Statistics

General Stats
  • This quiz has been taken 127 times
    111 since last reset
  • The average score is 14 of 19
Answer Stats
Year Answer % Correct
1988 Germany
99%
2024 Germany
99%
1960 France
95%
1984 France
95%
2016 France
95%
1964 Spain
94%
1968 Italy
92%
1980 Italy
92%
2004 Portugal
87%
1972 Belgium
85%
2028 United Kingdom
83%
1996 England
78%
1992 Sweden
78%
2020 Europe
59%
1976 Yugoslavia
59%
2012 Poland and Ukraine
49%
2008 Austria and Switzerland
45%
2000 Belgium and Netherlands
34%
2032 Italy and Turkey
28%
No matching quizzes found
Score Distribution
Percent of People with Each Score
Percentile by Number Answered
Your Score History
You have not taken this quiz since the last reset